000 00370cam a2200157ua 4500
041 _aeng
_h
082 _a828.09
_bMUL/JA
100 _aMullik, B.R.
245 _aJane austen`s Emma /
_cB R Mullik.
_hTextual Documents
250 _a2 /
_b.
260 _aNew Delhi :
_bS.Chand and Co ,
_c1964.
300 _a45 ; .
504 _a
942 _cBK
999 _c6841
_d6841